Reglamento de tenis

Uloženo v:
Podrobná bibliografie
Médium: Kniha
Jazyk:španělština
Vydáno: Buenos Aires Stadium 1986
Edice:Colección de Reglamentos
Témata:
Tagy: Přidat tag
Žádné tagy, Buďte první, kdo vytvoří štítek k tomuto záznamu!

MARC

LEADER 00000nam a2200000 a 4500
001 UCW4843
003 CL-VaPUC
008 900823e19860000AG |||||||||||||||||spa|d
082 0 4 |a 796.34  |b REG  |2 21 
245 1 0 |a Reglamento de tenis 
300 |a 36 p 
942 |c BK 
945 |d 19900823 00:00:00 
260 |a Buenos Aires  |b Stadium  |c 1986 
650 0 |a Tenis  |9 308192 
650 7 |a REGLAS  |2 CL-VaPUC  |9 309670 
583 |a last modification  |c 19900823 00:00:00  |k Rodrigo Vera 
490 0 |a Colección de Reglamentos 
999 |c 218452  |d 218450 
952 |0 0  |1 0  |4 0  |6 796_340000000000000_REG_1986  |7 0  |8 A  |9 208017  |a BIBEDU  |b BIBEDU  |d 2019-11-15  |i 2758709  |o 796.34 REG 1986  |p 2758709  |r 2019-11-15  |w 2019-11-15  |y BK  |k EDU 
952 |0 0  |1 0  |4 0  |6 796_340000000000000_REG_1986  |7 0  |8 A  |9 208018  |a BIBEDU  |b BIBEDU  |d 2019-11-15  |i 1533967  |o 796.34 REG 1986  |p 1533967  |r 2019-11-15  |w 2019-11-15  |y BK  |k EDU